000 00523nam a22002177a 4500
003 UA-OsUOA
001 56957
007 ta
008 20081120b un ||||| |||| 00| 0 ukr d
100 _aВаленси Л.
090 _a32
_bВ-12
942 _cSA
040 _aUA-OsUOA
_brus
_cUA-OsUOA
_dUA-OsUOA
245 _aПризрак исламизма: Прочтение историка
300 _aС.73-92
955 _a0
041 _arus
080 _a32
773 0 _w56955
650 7 _a32 Політика
_2UDC
999 _c343040
_d343040